Relación moral y económica correspondiente al año 1923 de la Sociedad de Socorros Mútuos entre los Sordomudos de ambos sexos de Cataluña en Barcelona, fundada en 1909
Descripción Física:
16 p. ; 22 cm
MARC
| LEADER | 00000nam a2200000Ia 4500 | ||
|---|---|---|---|
| 001 | 21332 | ||
| 003 | BGR | ||
| 005 | 20260324180015.0 | ||
| 008 | 160829s1923 xx 000 0 cat d | ||
| 080 | |a R-357, exp. 28 | ||
| 245 | |a Relación moral y económica correspondiente al año 1923 de la Sociedad de Socorros Mútuos entre los Sordomudos de ambos sexos de Cataluña en Barcelona, fundada en 1909 | ||
| 260 | |a Barcelona : |b Tipografía A. Pons, |c 1923 | ||
| 300 | |a 16 p. ; |c 22 cm | ||
| 650 | |a Instituto Catalán de Sordomudos de Barcelona |x Comptabilitat |9 43633 | ||
| 710 | 2 | |a Instituto Catalán de Sordomudos de Barcelona |9 71164 | |
| 901 | |a Arxiu | ||
| 942 | |n 1 |2 udc |c MON | ||
| 952 | |0 0 |1 0 |4 0 |6 R357_EXP_28 |7 1 |9 51547 |a Arxiu |b Arxiu |d 2016-12-01 |l 0 |o R-357, exp. 28 |p 21332 |r 2016-12-01 00:00:00 |w 2016-12-01 |y ARXIU | ||
| 999 | |c 55392 |d 55392 | ||